Counties of the Cincinnati Metro Area - Statistics

General Stats
  • This quiz has been taken 40 times
  • The average score is 9 of 17
Answer Stats
State County % Correct
Ohio Hamilton
97%
Ohio Butler
85%
Ohio Clermont
82%
Ohio Warren
79%
Kentucky Boone
71%
Ohio Brown
68%
Kentucky Kenton
59%
Kentucky Campbell
56%
Indiana Ohio
47%
Indiana Dearborn
44%
Kentucky Grant
44%
Kentucky Pendleton
41%
Ohio Clinton
35%
Kentucky Mason
35%
Kentucky Bracken
32%
Kentucky Gallatin
32%
Indiana Franklin
29%
No matching quizzes found
Score Distribution
Percent of People with Each Score
Percentile by Number Answered
Your Score History
You have not taken this quiz